| 000 | 00861nam a2200229 a 4500 | ||
|---|---|---|---|
| 001 | 000021407 | ||
| 005 | 20250409122710.0 | ||
| 008 | 100907s1985 dr ac 000 0 spa d | ||
| 040 |
_aDO-SdBNP _bspa _cBNPHU |
||
| 082 |
_axxx _bG643l |
||
| 100 | 1 |
_aGonzález, María Filomena _944668 |
|
| 245 | 1 | 0 |
_aLínea nordeste : _btestimonio del patriotismo olvidado / _cMaría Filomena González ; presentación Emilio Cordero Michel. |
| 260 |
_aSan Pedro de Macosís : _bTaller, _c1985. |
||
| 300 |
_a143 p. : _bil. ; retrs. ; _c23 cm. |
||
| 490 | 1 |
_aUniversidad Central del Este _v60 |
|
| 500 | _aIncluye notas al pie de páginas | ||
| 504 | _aIncluye bibliografías [p. 141-143] | ||
| 700 | 1 |
_aCordero Michel, Emilio, _d1929-2018 _epres. _944029 |
|
| 710 | 1 |
_aUniversidad Central del Este _937229 |
|
| 830 | 0 |
_aUniversidad Central del Este _n60 _944669 |
|
| 049 | _aBNPD | ||
| 999 |
_c20907 _d20907 |
||